El Joc no competitiu : dossier / Rosa Mª Guitart dossier / Rosa Mª Guitart
Descripción Física:
31, [25] f. . il. ; 30 cm
Materias:
Jocs infantils -- Aspectes psicològics
MARC
| LEADER | 00000nam a2200000Ia 4500 | ||
|---|---|---|---|
| 001 | 2015 | ||
| 008 | 160829s9999 xx 000 0 cat d | ||
| 080 | |a P-1-3 | ||
| 100 | |a Guitart i Aced, Rosa Ma. |9 30113 | ||
| 245 | |a El Joc no competitiu : |b dossier / Rosa Mª Guitart | ||
| 260 | |a Barcelona : |b Diputació de Barcelona. Servei d'Ensenyament i Investigació, [198 - ?] | ||
| 300 | |a 31, [25] f. . il. ; |c 30 cm | ||
| 650 | |a Jocs infantils |x Aspectes psicològics |9 30114 | ||
| 710 | 1 | |a Barcelona (Catalunya : Província). |b Servei d'Ensenyament i Investigació |9 54366 | |
| 901 | |a Arxiu | ||
| 942 | |n 1 | ||
| 952 | |0 0 |1 0 |4 0 |6 P13 |7 1 |9 45272 |a Arxiu |b Arxiu |d 2016-12-01 |l 0 |o P-1-3 |p 2015 |r 2016-12-01 00:00:00 |w 2016-12-01 |y ARXIU | ||
| 999 | |c 48346 |d 48346 | ||